000 00243nam a2200097Ia 4500
008 120527s9999 xx 000 0 und d
100 _aSTARKEY, Paul
245 _aHarnessing and implements for Animal tradition
260 _bVieweg
942 _cBK
999 _c25106
_d25106